01511agaaa2200301 45000010005000000030009000050050017000140070009000310080040000400400023000800410013001031000044001161300012001602400019001722450167001912460012003582500022003702600109003923000033005015080105005345110087006395200284007265380016010105460013010266500056010397000056010957000058011511482IT-RoPAU20220918181258.0d cvaizq50131s9999||||xx ||| | || ||und|| aIT-RoPAUcIT-RoPAU aITALIANO aBunuel LuisgCodice regista SPICS: 8694 aNAZARIN aNAZARINgT1228 aNAZARINcProdotto da: M. Barbachano Ponce -- Sceneggiatura: Alejandro Julio Bunuel Luis -- Diretto da: Bunuel LuispNAZARIN (Rif. Codice opera principale : 21482) aNAZARIN aEdizione Standard aMESSICO (MESSICO)bBARBACHANOPONCE / Distribuzione: RAIg"1959 (1° ed.: 2002 ; Ed. Lingua Orig.: 1959)" aVHSbsonoro, col.c90 minuti a"Fotografia: Figueroa Gabriel; Montaggio: Bunuel Luis; Sceneggiatura: Alejandro Julio Bunuel Luis; " a"Rabal Francisco; Lopez Marga; Macedo Rita; Lopez; Tarso Ignacio; Guilmain Ofelia" aSTORIA DI NAZARIN UMILE PRETE CHE VIVE IN ESTREMA POVERTA' IN UN MALFAMATOE MISERO QUARTIERE DI UN PAESE DEL MESSICO. UMILAZIONI VIOLENZE SOFFERENZE. FILM IN BIANCO E NERO. UNA COPIA DISTRIBUITO DALLA MULTIMEDIA SAN PAOLO.PREMIO SPECIALE A LUIS BUNUEL AL FESTIVAL DI CANNES 1959. aPAL, STEREO aITALIANO aDRAMMATICOeFILMS [VHS]xCodice MATERIA SPICS: 9960 aBunuel Luis e(regista)gCodice regista SPICS: 8694 aBunuel Luis e(soggetto)gCodice Soggetto SPICS: 8694